| 000 | 00595nam a22001937a 4500 | ||
|---|---|---|---|
| 003 | OSt | ||
| 005 | 20250704060128.0 | ||
| 008 | 250704b |||||||| |||| 00| 0 eng d | ||
| 020 | _a978-621-478-176-4 | ||
| 040 |
_aDWC-Main Lib _cOC |
||
| 082 | _aFil. 126 V335u 2026 | ||
| 100 | _aVasquez, Isabelle A. | ||
| 245 |
_aUnderstanding the self/ _cIsabelle A. Vasquez |
||
| 260 |
_aManila, Philippines: _bEDRIC Publishing House, _cc2026. |
||
| 300 |
_a90 pages: _billustrations; _c20cm. |
||
| 504 | _aIncludes bibliographical references. | ||
| 650 | _a1. Identity. | ||
| 942 |
_2ddc _cBK - FIL _kFil. _n0 |
||
| 999 |
_c3385 _d3385 |
||